Kahānī kalā aura Hindī kahāni-yoṃ kā vikāsa. (Record no. 59703)

MARC details
000 -LEADER
fixed length control field 00695cam a22002531 4500
001 - CONTROL NUMBER
control field sa 64006445
003 - CONTROL NUMBER IDENTIFIER
control field DLC
005 - DATE AND TIME OF LATEST TRANSACTION
control field 20260227112039.0
008 - FIXED-LENGTH DATA ELEMENTS--GENERAL INFORMATION
fixed length control field 890417s1963 ii b 000 1 hino
010 ## - LIBRARY OF CONGRESS CONTROL NUMBER
LC control number sa 64006445
035 ## - SYSTEM CONTROL NUMBER
System control number (OCoLC)19560055
040 ## - CATALOGING SOURCE
Original cataloging agency DLC
Transcribing agency WaU
Modifying agency DLC
042 ## - AUTHENTICATION CODE
Authentication code premarc
043 ## - GEOGRAPHIC AREA CODE
Geographic area code a-ii---
050 00 - LIBRARY OF CONGRESS CALL NUMBER
Classification number PK2042
Item number .T7
100 1# - MAIN ENTRY--PERSONAL NAME
Personal name Tripāṭhī, Chavinātha.
245 10 - TITLE STATEMENT
Title Kahānī kalā aura Hindī kahāni-yoṃ kā vikāsa.
260 ## - PUBLICATION, DISTRIBUTION, ETC.
Date of publication, distribution, etc. [1963]
300 ## - PHYSICAL DESCRIPTION
Extent xiv, 240, ii p.
Dimensions 23 cm.
500 ## - GENERAL NOTE
General note In Hindi.
504 ## - BIBLIOGRAPHY, ETC. NOTE
Bibliography, etc. note Bibliography: p. [i]-ii (3d group)
650 #0 - SUBJECT ADDED ENTRY--TOPICAL TERM
Topical term or geographic name entry element Short stories, Hindi
General subdivision History and criticism.
650 #0 - SUBJECT ADDED ENTRY--TOPICAL TERM
Topical term or geographic name entry element Fiction
General subdivision Technique.

No items available.

Powered by Koha